| 000 | 00731nam a2200229 a 4500 | ||
|---|---|---|---|
| 999 |
_c3350 _d3350 |
||
| 001 | 3350 | ||
| 003 | BD-JhCC | ||
| 005 | 20171112210850.0 | ||
| 008 | 171112s2008 bg a|||| ||a| 00| 0 en d | ||
| 020 | _a98470156000686 | ||
| 035 | _a(BD-JhCC)3350 | ||
| 040 |
_aBD-JhCC _dBD-JhCC |
||
| 041 | _aben | ||
| 082 |
_a363.346095492 _bGHU 2008 |
||
| 245 |
_aঘূর্ণিঝড় সিডর বিধ্বস্ত উপকূল / _cসাজ্জাদ শরিফ ...[et. all]. |
||
| 260 |
_aঢাকা : _bমাওলা ব্রদার্স, _c2008. |
||
| 300 |
_a332 p. : _bills; _c18 cm. |
||
| 650 | _aNatural Disasters | ||
| 700 | _aশরিফ, সাজ্জাদ | ||
| 942 |
_2ddc _cBK |
||